000 01074nam a2200265Ia 4500
003 OSt
005 20220923211145.0
006 a|||||r|||| 00| 0
007 ta
008 220922b |||||||| |||| 00| 0 hin d
020 _a8186724083 (hbk)
_c675
024 _a271,016
037 _b78, 21/06/2013, Eastern Book Linkers
_cTextual
040 _aARTS
_cARTS
_bhin
041 _2hin
_ahin
082 _aO15,1A2:g, 152Q2
100 _aनैन, अनीता, संपा.
_9158877
245 0 _aवर्तमान सन्दर्भ में महाभारत की पुनर्व्याख्या
246 _aVartamān sandarbha mean hinābhārat kī punarvyākhyā
260 _aकुरूक्षेत्र
_b निर्मल बुक एजेन्सी
_c2012
300 _a207पृ.
_ccm.
650 _aहिन्दी साहित्य
_9156264
942 _hO15,1A2:g, 152Q2
_cTEXL
_2CC
999 _c296088
_d296088